000 01042nam a2200337 i 4500
001 000048242
003 DO-SdBNP
005 20250822104033.0
007 ta
008 140226s2016 dr 000 p spa d
020 _a9789945581898
040 _aDO-SdBNP
_bspa
_cBNPHU
_erda
041 _asp
082 _aRD861.44
_bG277s, 2016
_222
100 1 _aGautreau de Wíndt, Eduardo
_eautor
_970818
245 1 0 _aSusurros de la lux /
_cEduardo Gautreau de Wíndt.
250 _aSegunda edición
264 _aSan Juan, Puerto Rico :
_bIsla Negra Editores,
_c2016.
300 _a103 páginas ;
_c23 cm.
336 _ardacontent
_btexto
_2txt
337 _ardamedia
_bsin mediación
_2n
338 _ardacarrier
_bvolumen
_2nc
490 1 _aEl Canon secuestrado
500 _aIncluye datos biografícos del autor en la solapa de la cubierta
590 _aInventariado, 2019/LP
650 0 _aPoesía dominicana
_966
650 0 _aLiteratura dominicana.
_967
830 0 _aEl Canon secuestrado
_96917
910 _aLP
942 _2ddc
_cLBS1
999 _c47730
_d47730